000 00731nam a22002297a 4500
005 20170124110153.0
010 _aA-991906
020 _c00.00
_a8124601542
035 _aA-991906
037 _bCen Lib/Ret
040 _aDPL
_bEN
082 _a181.432
_bWHI
100 _aIan, Whicher
_934478
245 _aThe integrity of the yoga darsana :
_cby Ian Whicher
_ba reconsideration of classical yoga /
260 _aNew Delhi
_bD.K. Print World
_c2000
270 _bNew Delhi
_aF-52, Bali nagar
_e110015
300 _axii, 426p.
_c21cm(Hb)
500 _aIncludes bibliographical references and index
650 _aPhilosophy
_9101725
650 _aClassical yoga
_934480
942 _2ddc
_cEN
_h181.432
_mWHI
999 _c132363
_d132363